| 000 | 00667cam a22001934a 4500 | ||
|---|---|---|---|
| 005 | 20250605164346.0 | ||
| 008 | 250528s ||||||||||||||||||||||||d | ||
| 035 | _a23894 | ||
| 040 |
_aGR-AtMCL _bgre _dGR-AtMCL _eAACR2 |
||
| 245 | 1 | _a150 Years of Experimental Psychology / Special Issue on the Anniversary of Gustav Fechner's Pivotal Book | |
| 260 | _c2010 | ||
| 300 | _a79 | ||
| 520 | _aThe Experimental Psychologist's Fallacy, Women in Early Psychology, The Misdirected Quest, Interview with Frederic Bartlett. | ||
| 700 | 1 |
_aSutton Jon _99351 |
|
| 942 | _cCR | ||
| 710 | 2 |
_aThe British Psychological Society _99823 |
|
| 999 |
_c8812 _d8812 |
||